000 00654nam a22002537a 4500
001 BR9301080
003 BR-BrBNA
005 20230928093841.0
007 ta
008 230509b bl.||||| |||| 00| 0 por d
040 _aBR-BrBNA
_bpor
_cBiblioteca Nacional de Agricultura
041 _a(Por)
072 _aL01; N20
_b9610
090 _ 9610 BR9301080
110 1 _aCompanhia Energetica de Sao Paulo, Sao Paulo (Brasil)
_92428
245 1 _aIncubadeira
260 3 _aSao Paulo, SP (Brasil):
_c1984.
300 _a12 p.
650 _aOvo
650 _aIncubacao
650 _aIncubadeira
909 _a202309
_bLucia
_c55
_dLucia Elande
942 _cBK
999 _c47493
_d47493